| 000 | 00585cab a2200193 4500 | ||
|---|---|---|---|
| 001 | WB2417-02 | ||
| 008 | 090401t1988 xxu||||| |||| 00| 0 eng d | ||
| 035 | _a(Sirsi) u90995 | ||
| 041 | _aeng | ||
| 245 | _aCredit broker builders | ||
| 260 | _c1988 | ||
| 350 | _a0 | ||
| 490 |
_aContract Journal _vVol 342 No 5662 21/4/88 p2 |
||
| 520 | _aIn an attempt to cut out cowboy builders , the Federation of Master Builders and Avco Trust have launched a credit broking scheme. | ||
| 650 | _aHOME IMPROVEMENT LOANS | ||
| 690 | _aBUILT ENVIRONMENT | ||
| 942 | _n0 | ||
| 948 | _c04/03/1997 | ||
| 999 |
_c57735 _d57735 |
||